| 000 | 00404nam a22001457a 4500 | ||
|---|---|---|---|
| 082 |
_a621.3 _bHOR _cL-9, P-13 |
||
| 100 |
_aHorwood, W.L. _941207 |
||
| 245 | _aElectrical technology. | ||
| 250 | _a2nd ed. | ||
| 260 |
_aLondon _bCharles Griffin and Company, Limited. _c1951 |
||
| 300 |
_axii, 347p. : _bill. : _c4 Cm |
||
| 526 |
_a0 _b0 _c0 _d621_300000000000000_HOR |
||
| 650 |
_aMCE _9379 |
||
| 942 |
_2ddc _cBK |
||
| 999 |
_c545377 _d545377 |
||